| 000 | 01217nam a2200349 i 4500 | ||
|---|---|---|---|
| 005 | 20220317001714.0 | ||
| 007 | ta | ||
| 008 | 170328s2016 ck a gr 000 f spa d | ||
| 020 | _a9580456437 | ||
| 020 | _a9789580456438 | ||
| 040 |
_aCO-BoRNBP _bspa _erda _cCO-BoRNBP |
||
| 041 | _aspa | ||
| 084 | _aN ROS2 | ||
| 100 | 1 |
_aRosero Diago, Evelio José _d1958- _eautor |
|
| 245 | 1 | 0 |
_aCuchilla _cEvelio José Rosero ; ilustraciones de Diana Castellanos |
| 250 | _aPrimera edición | ||
| 264 | 1 |
_aBogotá _bNorma _c2016 |
|
| 300 |
_a147 páginas _bilustraciones a blanco y negro _c20 cm _d1 cuaderno de actividades |
||
| 336 |
_atexto _btxt _2rdacontent |
||
| 337 |
_asin mediación _bn _2rdamedia |
||
| 338 |
_avolumen _bnc _2rdacarrier |
||
| 490 | _aTorre de papel : azul | ||
| 521 | _aRecomendado desde los 9 años. | ||
| 586 | _aPremio Latinoamericano de Literatura Infantil y Juvenil, 2000 | ||
| 650 | 1 | 7 |
_aNovela juvenil colombiana _ySiglo XX _2ARMARC |
| 650 | 1 | 7 |
_2ARMARC _aLiteratura juvenil colombiana _ySiglo XX |
| 650 | 1 | 7 |
_aMaestros _vNovela _2ARMARC |
| 650 | 1 | 7 |
_aAmor _vNovela _2ARMARC |
| 650 | 1 | 4 |
_2LEMB _aAdolescencia _vNovela |
| 700 | 1 |
_aCastellanos, Diana _eilustradora _99035 |
|
| 942 |
_2loc _cBKLIT |
||
| 999 |
_c7808 _d7808 |
||